| 000 | 00906nam a2200277 i 4500 | ||
|---|---|---|---|
| 001 | 67602 | ||
| 003 | ES-MaACL | ||
| 005 | 20240228151643.0 | ||
| 007 | t| | ||
| 008 | 040607s2003 sp ||||0| spa d | ||
| 020 | _a84-933103-0-1 | ||
| 040 |
_aM-BN _bspa _cM-BN |
||
| 080 | _a929 Riego, Rafael del | ||
| 080 | _a94(460)"1814/33" | ||
| 100 | 1 |
_aMosquera, Alejandro. _983779 |
|
| 245 | 1 | 0 |
_aRafael del Riego / _cAlejandro Mosquera ; prólogo, Ramón Villanueva Echevarría. |
| 260 |
_aA Coruña : _bAteneo Republicano de Galicia, _c2003. |
||
| 300 |
_a61 p. ; _c21 cm. |
||
| 504 | _aBibliografía: p. 59-60. | ||
| 600 | 1 | 4 |
_aRiego, Rafael del. _997086 |
| 651 | 4 |
_aEspaña- _xHistoria- _y1814-1833, Fernando VII _98248 |
|
| 700 | 1 |
_aVillanueva Echevarría, Ramón. _9115038 |
|
| 710 | 2 |
_aAteneo Republicano de Galicia. _92057 |
|
| 852 |
_aES-MaACL _jL-27893 _bR.133565 |
||
| 999 |
_c67602 _d67602 |
||